000 003240000a22001210004500
090 _aAs
_bSeriadas
245 1 0 _aSitios de parada en la migración invernal
041 0 _aEspañol
700 1 _aReyes , Milton
_913241
100 1 _aMorales, Germán
_999987
942 _cARTICULO
773 1 _tBoletín SAO
_h18-19
_q65-68
_d1999
_g10
999 _c15759
_d15759